000 00544nam a2200181Ia 4500
005 20260429112241.0
008 260429s9999||||xx |||||||||||||| ||und||
020 _a9789386033444
041 _aHindi
082 _a820.9
_bNAV
100 _aनवलकिशोर
245 0 _aमानववाद और साहित्य /
_cनवलकिशोर
250 _arev.
260 _aदिल्ली :
_bशुभदा प्रकाशन,
_c2019.
300 _axvi, 238 p.; Hb
650 _aHindi Literature
942 _cTB
999 _c53119
_d53119